[Event "Madrid San Viator op-A 26th"]
[Site "Madrid"]
[Date "2016.05.22"]
[Round "7"]
[White "Soderstrom, Henrik"]
[Black "Sirera Ripoll, Jose Luis"]
[Result "0-1"]
[WhiteElo "1862"]
[BlackElo "1821"]
[PlyCount "112"]
[EventDate "2016.04.03"]
[EventType "swiss"]
[EventRounds "9"]
[EventCountry "ESP"]
[SourceTitle "EXT 2017"]
[Source "ChessBase"]
[SourceDate "2016.10.25"]
[SourceVersion "1"]
[SourceVersionDate "2016.10.25"]
[SourceQuality "1"]

1. d4 Nf6 2. Nf3 g6 3. Nc3 d5 4. Bf4 Bg7 5. e3 0-0 6. Be2 c5 7. Ne5 Qa5 8. f3 Nc6 9. a3 Nh5 10. Nxc6 bxc6 11. Bg5 Re8 12. Qd2 e5 13. dxc5 Qxc5 14. b4 Qf8 15. g4 Nf6 16. e4 dxe4 17. Bxf6 Bxf6 18. Nxe4 Bh4+ 19. Kf1 f5 20. gxf5 Bxf5 21. Bc4+ Be6 22. Bxe6+ Rxe6 23. Kg2 Rd8 24. Qe3 Re7 25. Rad1 Red7 26. Rxd7 Rxd7 27. Nc5 Rd5 28. c4 Rd6 29. Ne4 Rd4 30. c5 Be7 31. Ng3 Rd5 32. Re1 a5 33. Ne4 Qd8 34. Nc3 Rd3 35. Qxe5 Bf6 36. Qe6+ Kg7 37. Ne4 Rxa3 38. Nd6 Bh4 39. Qf7+ Kh6 40. Re4 Qf6 41. Qxf6 Bxf6 42. Kg3 a4 43. b5 cxb5 44. Nxb5 Rb3 45. Nc7 a3 46. Ne6 a2 47. Ra4 a1Q 48. Rxa1 Bxa1 49. c6 Rc3 50. c7 Rxc7 51. Nxc7 Be5+ 52. Kg4 Bxc7 53. h4 Kg7 54. h5 Kf6 55. hxg6 hxg6 56. f4 Bd6 0-1

[Event "Madrid-ch Previa-B"]
[Site "Madrid"]
[Date "2016.02.26"]
[Round "8"]
[White "Tronch Ilzarbe, Carlos Maria"]
[Black "Sirera Ripoll, Jose Luis"]
[Result "0-1"]
[WhiteElo "1744"]
[BlackElo "1807"]
[PlyCount "126"]
[EventDate "2016.02.04"]
[EventType "swiss"]
[EventRounds "9"]
[EventCountry "ESP"]
[SourceTitle "CBM 171 Extra"]
[Source "ChessBase"]
[SourceDate "2016.04.26"]
[SourceVersion "1"]
[SourceVersionDate "2016.04.26"]
[SourceQuality "1"]

1. e4 c5 2. Nf3 d6 3. Bb5+ Bd7 4. Bxd7+ Qxd7 5. 0-0 Nf6 6. Re1 Nc6 7. c3 e6 8. d4 cxd4 9. cxd4 d5 10. e5 Ne4 11. a3 Be7 12. Nbd2 Nxd2 13. Bxd2 0-0 14. Re3 Rfc8 15. Bc3 b5 16. h4 a5 17. Ng5 Bxg5 18. hxg5 Qe7 19. Qh5 g6 20. Qh4 Qf8 21. Rh3 Qg7 22. Bd2 b4 23. axb4 axb4 24. Rxa8 Rxa8 25. Rb3 Rb8 26. Kf1 Qf8 27. Rh3 Qg7 28. Rb3 Ra8 29. Kg1 Ra1+ 30. Kh2 Rd1 31. Be3 Qf8 32. Qg4 Ra1 33. Bd2 Ra4 34. Qd1 Nxd4 35. Rd3 b3 36. Be3 Nc2 37. Rxb3 Nxe3 38. fxe3 Re4 39. Qf3 Rxe5 40. Qg3 f6 41. gxf6 Qxf6 42. Rb8+ Kg7 43. Rb7+ Kh6 44. Kg1 Qg5 45. Qh3+ Qh5 46. Qxh5+ Rxh5 47. Rb4 Re5 48. Kf2 Kg5 49. Rf4 Kh6 50. b4 g5 51. Rd4 Rf5+ 52. Kg3 Rf7 53. b5 Rb7 54. Rb4 Rb6 55. Kf3 Kg6 56. e4 h5 57. exd5 exd5 58. Ke3 Kf5 59. Kd4 Ke6 60. Kc5 Rb8 61. Rd4 Rc8+ 62. Kb6 Ke5 63. Kb7 Kxd4 0-1

[Event "Madrid-ch Previa-B"]
[Site "Madrid"]
[Date "2016.02.19"]
[Round "6"]
[White "Sirera Ripoll, Jose Luis"]
[Black "Serrano Garcia, Vicente"]
[Result "0-1"]
[WhiteElo "1807"]
[BlackElo "1826"]
[PlyCount "90"]
[EventDate "2016.02.04"]
[EventType "swiss"]
[EventRounds "9"]
[EventCountry "ESP"]
[SourceTitle "CBM 171 Extra"]
[Source "ChessBase"]
[SourceDate "2016.04.26"]
[SourceVersion "1"]
[SourceVersionDate "2016.04.26"]
[SourceQuality "1"]

1. e4 e6 2. d4 d5 3. exd5 exd5 4. Nf3 Nc6 5. Bb5 Bg4 6. 0-0 Bd6 7. Re1+ Nge7 8. Nbd2 0-0 9. c3 a6 10. Bd3 Bf5 11. Nf1 Qd7 12. Ng3 Bg6 13. Nh4 Bxd3 14. Qxd3 f5 15. f4 Rf6 16. Bd2 Raf8 17. Nf3 Rh6 18. Re2 Ng6 19. Ne5 Bxe5 20. dxe5 Qe6 21. Rd1 b5 22. Rf2 Nge7 23. Ne2 Qg6 24. a4 Rd8 25. g3 Qg4 26. axb5 axb5 27. Be3 b4 28. Bc5 bxc3 29. Bxe7 Nxe7 30. Nxc3 Rb6 31. Nb5 Rxb5 32. Rc1 c6 33. Rxc6 Nxc6 34. Qxb5 Qd1+ 35. Kg2 Qc1 36. e6 Qc4 37. Qb7 Qe4+ 38. Kh3 Qxe6 39. Rc2 Na5 40. Qc7 Ra8 41. Rc5 Qf7 42. Qb6 Nc4 43. Qc6 Re8 44. Kh4 Ne3 45. Qb5 Qf6+ 0-1

[Event "San Sebastian de los Reyes op 17th"]
[Site "San Sebastian"]
[Date "2015.12.02"]
[Round "3"]
[White "Alvarez Abejon, Amilcar"]
[Black "Sirera Ripoll, Jose Luis"]
[Result "1-0"]
[WhiteElo "2055"]
[BlackElo "1769"]
[PlyCount "91"]
[EventDate "2015.11.30"]
[EventType "swiss"]
[EventRounds "9"]
[EventCountry "ESP"]
[SourceTitle "CBM 170 Extra"]
[Source "ChessBase"]
[SourceDate "2016.02.25"]
[SourceVersion "1"]
[SourceVersionDate "2016.02.25"]
[SourceQuality "1"]

1. c4 c5 2. Nc3 Nc6 3. g3 g6 4. Bg2 Bg7 5. Nf3 d6 6. 0-0 Nf6 7. d4 cxd4 8. Nxd4 Nxd4 9. Qxd4 0-0 10. Bg5 Be6 11. Qf4 Qc7 12. b3 a6 13. Rac1 Rfe8 14. c5 Qxc5 15. Bxf6 exf6 16. Nd5 Qa5 17. Nc7 g5 18. Qa4 Qxa4 19. bxa4 Bxa2 20. Bxb7 Rab8 21. Nxe8 Rxe8 22. Bxa6 h5 23. Bc4 Bxc4 24. Rxc4 Rxe2 25. Ra1 f5 26. Ra3 d5 27. Rc8+ Kh7 28. Kf1 Rb2 29. a5 g4 30. a6 Bd4 31. a7 Rxf2+ 32. Ke1 Bxa7 33. Rxa7 Rxh2 34. Rxf7+ Kg6 35. Rd7 h4 36. Rc6+ Kg5 37. Rg7+ Kh5 38. Rh7+ Kg5 39. Rxh4 Rxh4 40. gxh4+ Kxh4 41. Kf2 Kg5 42. Rd6 Kf4 43. Rxd5 Ke4 44. Rd8 f4 45. Rg8 Kf5 46. Rg7 1-0

[Event "Madrid San Viator op 25th"]
[Site "Madrid"]
[Date "2015.11.08"]
[Round "7"]
[White "Sirera Ripoll, Jose Luis"]
[Black "De la Torre Palomino, Luis"]
[Result "1-0"]
[WhiteElo "1749"]
[BlackElo "1603"]
[PlyCount "71"]
[EventDate "2015.10.04"]
[EventType "swiss"]
[EventRounds "9"]
[EventCountry "ESP"]
[SourceTitle "CBM 169 Extra"]
[Source "ChessBase"]
[SourceDate "2015.12.18"]
[SourceVersion "1"]
[SourceVersionDate "2015.12.18"]
[SourceQuality "1"]

1. e4 d5 2. exd5 Qxd5 3. Nf3 Bg4 4. Be2 Nf6 5. d4 e6 6. 0-0 Be7 7. c4 Qd8 8. Nc3 c6 9. Bf4 0-0 10. Qb3 Qb6 11. Na4 Qxb3 12. axb3 Nbd7 13. h3 Bh5 14. Nc3 Nb6 15. Ra5 Bg6 16. Rfa1 a6 17. Ne5 Bc2 18. Bd1 Bxd1 19. Rxd1 h6 20. Be3 Bb4 21. Raa1 Nc8 22. Nd3 Bd6 23. b4 Ne7 24. Nc5 b5 25. b3 Bxc5 26. dxc5 bxc4 27. bxc4 Rfb8 28. Ra4 e5 29. Rda1 Nf5 30. b5 cxb5 31. cxb5 Nxe3 32. fxe3 Nd7 33. Rxa6 Rxa6 34. bxa6 Nxc5 35. a7 Ra8 36. Nd5 1-0

[Event "Madrid San Viator op 23rd"]
[Site "Madrid"]
[Date "2014.11.16"]
[Round "8"]
[White "Sirera Ripoll, Jose Luis"]
[Black "Mejias Gonzalez, Pedro"]
[Result "1-0"]
[WhiteElo "1761"]
[BlackElo "1632"]
[PlyCount "29"]
[EventDate "2014.09.28"]
[EventType "swiss"]
[EventRounds "9"]
[EventCountry "ESP"]
[SourceTitle "EXT 2016"]
[Source "ChessBase"]
[SourceDate "2015.10.08"]
[SourceVersion "1"]
[SourceVersionDate "2015.10.08"]
[SourceQuality "1"]

1. e4 e5 2. Nf3 Nc6 3. Bc4 Be7 4. d4 Bf6 5. dxe5 Nxe5 6. Nxe5 Bxe5 7. Bxf7+ Kxf7 8. Qd5+ Kf6 9. f4 Bxf4 10. Bxf4 Ne7 11. Bg5+ Kg6 12. Qe5 Re8 13. 0-0 h6 14. Bxe7 d6 15. Qg3+ 1-0

[Event "Madrid San Viator op 21st"]
[Site "Madrid"]
[Date "2013.10.13"]
[Round "4"]
[White "Sirera Ripoll, Jose Luis"]
[Black "Madurga Lopez, Ignacio"]
[Result "0-1"]
[WhiteElo "1726"]
[BlackElo "2074"]
[PlyCount "94"]
[EventDate "2013.09.29"]
[EventType "swiss"]
[EventRounds "9"]
[EventCountry "ESP"]
[SourceTitle "EXT 2015"]
[Source "ChessBase"]
[SourceDate "2014.11.20"]
[SourceVersion "1"]
[SourceVersionDate "2014.11.20"]
[SourceQuality "1"]

1. d4 g6 2. Nf3 Bg7 3. Bf4 d6 4. e3 Nd7 5. Be2 e5 6. Bg3 Qe7 7. c4 e4 8. Nfd2 f5 9. Nc3 c6 10. Qb3 Nh6 11. Qa3 Nf7 12. b4 Nf6 13. h3 0-0 14. b5 Bd7 15. Rc1 c5 16. Nb3 b6 17. 0-0 Bc8 18. Rfd1 Bb7 19. Qb2 g5 20. Qd2 Rad8 21. a4 Nh8 22. a5 Ng6 23. axb6 axb6 24. Ra1 Rd7 25. Na4 Qd8 26. Ra2 Rff7 27. Rda1 h5 28. Nc3 h4 29. Bh2 g4 30. hxg4 fxg4 31. Qd1 g3 32. fxg3 Bh6 33. Qd2 hxg3 34. Bxg3 Kh7 35. Nd1 Qg8 36. Qe1 Rg7 37. Bf1 Nh5 38. Bh2 Rdf7 39. Bxd6 Bg5 40. dxc5 Bh4 41. Qe2 Kh6 42. c6 Bc8 43. Ra8 Bg3 44. Nd4 Bxd6 45. Ne6 Ng3 46. Qg4 Rxf1+ 47. Kh2 Rh1# 0-1

[Event "Madrid San Viator op 21st"]
[Site "Madrid"]
[Date "2013.10.06"]
[Round "2"]
[White "Sirera Ripoll, Jose Luis"]
[Black "Garcia Galeote, Lorenzo"]
[Result "0-1"]
[WhiteElo "1726"]
[BlackElo "1987"]
[PlyCount "56"]
[EventDate "2013.09.29"]
[EventType "swiss"]
[EventRounds "9"]
[EventCountry "ESP"]
[SourceTitle "EXT 2015"]
[Source "ChessBase"]
[SourceDate "2014.11.20"]
[SourceVersion "1"]
[SourceVersionDate "2014.11.20"]
[SourceQuality "1"]

1. d4 Nc6 2. Bf4 d6 3. Nf3 g6 4. e3 Bg7 5. c4 Bg4 6. h3 Bxf3 7. Qxf3 e5 8. dxe5 dxe5 9. Bh2 Qe7 10. Nc3 Nf6 11. Rd1 0-0 12. Bd3 Rad8 13. Bb1 Qb4 14. Rxd8 Rxd8 15. Qe2 Na5 16. 0-0 Nxc4 17. a3 Nxa3 18. Bxe5 Nxb1 19. Rxb1 Qe7 20. f4 c6 21. Ra1 a6 22. e4 Nh5 23. Bxg7 Kxg7 24. Qf2 Qf6 25. g4 Nxf4 26. Qg3 Rd3 27. Qh2 Qd4+ 28. Kh1 Rxh3 0-1